Asia Ranked by Democracy Index - Statistics

General Stats
  • This quiz has been taken 134 times
  • The average score is 28 of 49
Answer Stats
Country Ranking Regime Type % Correct
Taiwan 8.94 Full Democracy
98%
Japan 8.13 Full Democracy
95%
South Korea 8.01 Full Democracy
95%
Israel 7.84 Flawed Democracy
90%
Malaysia 7.19 Flawed Democracy
72%
North Korea 1.08 Authoritarian
72%
Cyprus 7.56 Flawed Democracy
67%
India 6.61 Flawed Democracy
67%
Mongolia 6.48 Flawed Democracy
67%
Philippines 6.56 Flawed Democracy
66%
Singapore 6.03 Flawed Democracy
64%
Timor-Leste 7.06 Flawed Democracy
64%
Indonesia 6.30 Flawed Democracy
62%
Syria 1.43 Authoritarian
62%
Sri Lanka 6.14 Flawed Democracy
60%
Turkmenistan 1.72 Authoritarian
60%
Bhutan 5.71 Hybrid Regime
59%
Thailand 6.04 Flawed Democracy
59%
Nepal 5.22 Hybrid Regime
57%
Afghanistan 2.85 Authoritarian
55%
China 2.27 Authoritarian
55%
Georgia 5.31 Hybrid Regime
55%
Turkey 4.48 Hybrid Regime
55%
Bangladesh 5.99 Hybrid Regime
53%
Iran 2.20 Authoritarian
53%
Laos 1.77 Authoritarian
53%
Lebanon 4.16 Hybrid Regime
53%
Pakistan 4.31 Hybrid Regime
53%
Tajikistan 1.94 Authoritarian
53%
Yemen 1.95 Authoritarian
53%
Armenia 5.35 Hybrid Regime
52%
Azerbaijan 2.68 Authoritarian
52%
Cambodia 3.10 Authoritarian
52%
Iraq 3.62 Authoritarian
52%
Jordan 3.62 Authoritarian
52%
Oman 3.00 Authoritarian
52%
Saudi Arabia 2.08 Authoritarian
52%
United Arab Emirates 2.70 Authoritarian
52%
Uzbekistan 2.12 Authoritarian
52%
Kuwait 3.80 Authoritarian
50%
Myanmar 3.04 Authoritarian
50%
Vietnam 2.94 Authoritarian
50%
Bahrain 2.49 Authoritarian
48%
Kazakhstan 3.14 Authoritarian
48%
Kyrgyzstan 4.21 Hybrid Regime
48%
Qatar 3.24 Authoritarian
48%
Russia 3.31 Authoritarian
47%
Palestine 3.83 Authoritarian
34%
Hong Kong 5.57 Hybrid Regime
26%
No matching quizzes found
Score Distribution
Percent of People with Each Score
Percentile by Number Answered
Your Score History
You have not taken this quiz